|
|
แสดงรายละเอียดบรรณานุกรม |
|
|
Brief Record
: Get Marc (ISO 2709)
: E-mail record
: |
| LEADER 00000nama 2200000uu 4500 | |||
| 001 180407 | |||
| 003 ULIBM | |||
| 008 040531s2541 th m m a000 0 tha d | |||
| 020 974-789-771-7 | |||
| 041 tha | |||
| 050 WC880 ก351ค | |||
| 100 กองโรคเท้าช้าง | |||
| 245 คู่มือการปฏิบัติงานดูแลรักษาผู้ป่วยโรคเท้าช้าง สำหรับเจ้าหน้าที่สาธารณสุข / กองโรคเท้าช้าง 001 | |||
| 260 นนทบุรี กอง 2541 | |||
| 300 38 หน้า | |||
| 650 โรคเท้าช้าง - สุขวิทยาและการดูแล | |||
| 998 1999-04-22 | |||
| คุณยังไม่ได้ล็อกอิน คุณสามารถมีกิจกรรมร่วมกับเว็บไซต์ได้ แต่ต้องล็อกอินก่อน :: |
|
| สถานะ | |||||||||
| 1. | หนังสือทั่วไป | WC880 ก351ค 2541 | On Shelf ขอยืม | ||||||
| [แสดง 1/1 รายการ] | |||||||||
BibComment |
| คอมเมนท์ทรัพยากรรายการนี้ |
|
|